000 00605nam a2200229Ia 4500
003 OSt
005 20221007062319.0
006 a|||||r|||| 00| 0
007 ta
008 221006b |||||||| |||| 00| 0 eng d
024 _a23,930
037 _cTextual
040 _aFLL
_cFLL
_beng
041 _2eng
_aeng
082 _aZ2:2:42qN58K8, K8
100 _aChandak M.L.
_9682575
245 0 _aGift tax act
260 _aAllahabad
_bLaw Book Co. India
_c1968
300 _axliii,1-725p
_ccm.
942 _hZ2:2:42qN58K8, K8
_cTEXL
_2CC
999 _c1128273
_d1128273